000 00733nam a22002177a 4500
003 UA-OsUOA
001 70324
007 ta
008 20100903b un ||||| |||| 00| 0 ukr d
100 _aБабінець А.
090 _a908
_bБ12
942 _cSA
040 _aUA-OsUOA
_bukr
_cUA-OsUOA
_dUA-OsUOA
245 _aУкраїнській аристократичності, професіоналізму та мужності вчать у Національному університеті "Острозька академія"
300 _aС.1-2
955 _a0
041 _aukr
080 _a908
773 0 _w70323
_tВільне слово
_dРівне
_d2010
_g65
650 7 _a908 Краєзнавство
_2UDC
999 _c356480
_d356480